China and South Asia: (Record no. 141188)

MARC details
000 -LEADER
fixed length control field 00632nam a22001937a 4500
005 - DATE AND TIME OF LATEST TRANSACTION
control field 20170630153811.0
010 ## - LCCN (DPL NO)
LC control number ENG-118693
020 ## - INTERNATIONAL STANDARD BOOK NUMBER
International Standard Book Number 9789380318820
Terms of availability 1295.00
035 ## - SYSTEM CONTROL NUMBER
System control number EN-102225
037 ## - SOURCE OF ACQUISITION
Source of stock number/acquisition DBAD/PUB
082 ## - DEWEY DECIMAL CLASSIFICATION NUMBER
Classification number 355.033051
100 ## - MAIN ENTRY--PERSONAL NAME
Personal name Mehta, j.n.
245 ## - TITLE STATEMENT
Title China and South Asia:
Statement of responsibility, etc by j.N. Mehta
Remainder of title strategy in 21st century /
260 ## - PUBLICATION, DISTRIBUTION, ETC. (IMPRINT)
Place of publication, distribution, etc New Delhi
Name of publisher, distributor, etc Neha publishers and distributors
Date of publication, distribution, etc 2016
270 ## - ADDRESS
Address 4832/24,prahlad lanc,S-207 ansari road, daryaganj,
300 ## - PHYSICAL DESCRIPTION
Extent 296.p.
Dimensions 22cm.(Hbk)
500 ## - GENERAL NOTE
General note includes bibliographical references and index
942 ## - ADDED ENTRY ELEMENTS (KOHA)
Source of classification or shelving scheme Dewey Decimal Classification
Item type English Books
Classification part 355.033051
Call number suffix MEH
Holdings
Withdrawn status Lost status Not for loan Home library Current library Date acquired Source of acquisition Cost, normal purchase price Full call number Barcode Copy number Cost, replacement price Koha item type
      D.B.Act.Division Bawana 16/06/2017 DBAD/PUB 1295.00 355.033051 MEH EN-102225 1 1295.00 English Books

© Delhi Public Library
Hit Counter
free hit counter